000 03183cam a2200349 a 4500
001 2438390
003 CaAEU
005 20251013115112.0
008 951215s1996 enk b 000 0 eng
010 _a 95051442 //r972
020 _a9781859840870
035 _aocm33972162
040 _aDLC
_beng
_cDLC
_dDLC
_dAEU
041 1 _aeng
041 1 _hfre
043 _ae-fr---
050 0 0 _aP90
_b.D4313 1996
100 _aDebray, Régis
_926097
_eauthor
240 1 0 _aManifestes médiologiques.
_lEnglish
245 1 0 _aMedia manifestos
_b: on the technological transmission of cultural forms
_c/ Régis Debray ; translated by Eric Rauth.
260 _aLondon ;
_aNew York, NY :
_bVerso,
_c1996.
300 _aviii, 179 pages ;
_c22 cm.
500 _aText submitted as part of the viva, or dissertation defense, confirming the candidate's authority to direct research. Presented at the Sorbonne (Paris I) on Jan. 8, 1994.
504 _aIncludes bibliographical references (p. 178-179).
520 _aIn this volume Régis Debray sums up over a decade of his research and writing on the evolution of subjects of communication and the technologically transmitted interventions of the modern intelligentsia in France. Media Manifestos announces the battle-readiness of a new sub-discipline of the sciences humaines: “medialogy.” Scion of that semiology of the sixties linked with the names of Roland Barthes and Umberto Eco—and affiliated trans-Atlantically to the semiotics of C.S. Pierce and media analyses of Marshall McLuhan (“media is message”)—“mediology” is in dialectical revolt against its parent thought-system. Determined not to lapse back into the uncritical empiricism and psychologism with which semiology broke, mediology is just as resolved to dispel the cult or illusion of the signifier as the be-all-and-end-all, slough off the scholasticism of the code, and recover the world—in all its mediatized materiality. In this enterprise its ally is the work of French historians of mentalités, of the hard and evolutionary sciences, and of the technologies of transmission (from stylus and clay to quill and parchment to press and paper to mouse and screen). Written with Debray’s customary brio, Media Manifestos is no mere contribution to the vogue of “media studies.” It remains steeped in the intellectual culture of Louis Althusser and Michel Foucault, indebted to the neolithic anthropology of Leroi-Gourhan and the study of science and technology of Serres and Latour, informed by the material histories of the Annales school, yet plugged into the audiovisual culture of today’s “videosphere” (as against the printerly “graphosphere” of yesterday, and the scriptorly “logosphere” of the day before that). Debray’s work turns a neologism (“mediology”) into a tool-kit with which to rethink the whole business of mediation from the city-state to the internet.
650 0 _aMass media
_xPhilosophy
_926098
650 0 _aMass media
_xSemiotics
_926099
650 0 _aPhilosophy, French
_y20th century
_926100
650 0 _aMass media and technology
_926101
700 _aRauth, Eric
_926102
_eauthor
942 _2lcc
999 _c5028
_d5028